000 01874nam a2200397 i 4500
001 195662
003 SpMaBN
005 20260216183922.0
008 241001s2022 sp | |||| 000 0 spa
017 _aCC 27-2022
_bOficina Depósito Legal Cáceres
020 _a9788412512526
035 _aa7116438
040 _aSpMaBN
_bspa
_cSpMaBN
_erda
_dES-MaACL
080 _a793.23(460.251 Trujillo)(091)
100 _aMoreno Bermejo, José María,
_d1945-
_9237312
_eaut
245 1 3 _aLa fiesta taurina en Trujillo :
_bhistoria, arte y tradición /
_cJosé María Moreno Bermejo, José Antonio Ramos Rubio, Carlos Jesús Lozano Palacios
250 _aPrimera edición: 2022
264 1 _aCáceres :
_bTau Editores,
_c[2022]
264 4 _c©2022
300 _a208 páginas ;
_c23 cm
336 _aTexto
_2rdacontent
337 _asin mediación
_2rdamedia
338 _avolumen
_2rdacarrier
504 _aBibliografía: páginas 193-196
504 _aWebgrafía: páginas 196-198
520 _aEn otras épocas, cuando el viajero llegara a Trujillo y desde donde viniera, encontraba en la ciudad toda clase de espectáculos: corridas de toros, novilladas, verbenas, teatros, cines, todo cuanto ha de contribuir a que pasara en la ciudad unos días inolvidables, sobre todo en los días de feria.
650 7 _aTauromaquia
_zTrujillo
_vHistoria
_2embne
_9237313
700 1 _aRamos Rubio, José Antonio,
_d1963-
_eaut
_9174430
700 _aLozano Palacios, Carlos Jesús
_9237314
_eaut
852 _aES-MaACL
_bR 153319
_cDEPOJ
_jN-8675
_hDonación: José L. Ramos
_xEncuadernación rústica con solapas
_9204191
903 _aRamos Rubio, José Antonio,
_d1963-
_ednr
_9174430
942 _cMONOGRAFIA
_n0
999 _c195662
_d195662